[Event "wyco2016"]
[Site "?"]
[Date "2016.07.23"]
[Round "2.16"]
[White "Mitrabha, Guha"]
[Black "Dolansky, Lukas"]
[Result "1-0"]
[BlackElo "2102"]
[WhiteElo "2227"]
[LiveChessVersion "1.4.6"]

1. d4 {[%clk 1:30:42]} d5 {[%clk 1:30:50]} 2. c4 {[%clk 1:30:54]} e6
{[%clk 1:31:09]} 3. Nc3 {[%clk 1:30:46]} Nf6 {[%clk 1:31:27]} 4. cxd5
{[%clk 1:30:14]} exd5 {[%clk 1:31:44]} 5. Bg5 {[%clk 1:30:18]} Be7
{[%clk 1:31:49]} 6. e3 {[%clk 1:30:28]} c6 {[%clk 1:31:58]} 7. Bd3
{[%clk 1:30:41]} Nbd7 {[%clk 1:32:03]} 8. Qc2 {[%clk 1:30:53]} h6
{[%clk 1:31:49]} 9. Bh4 {[%clk 1:31:05]} Nh5 {[%clk 1:31:05]} 10. Bxe7
{[%clk 1:30:55]} Qxe7 {[%clk 1:31:28]} 11. Nge2 {[%clk 1:30:21]} Nb6
{[%clk 1:28:29]} 12. O-O {[%clk 1:29:57]} O-O {[%clk 1:25:12]} 13. Ng3
{[%clk 1:29:10]} Nxg3 {[%clk 1:21:45]} 14. hxg3 {[%clk 1:29:35]} f5
{[%clk 1:10:41]} 15. Ne2 {[%clk 1:29:23]} g5 {[%clk 0:56:37]} 16. Rfc1
{[%clk 1:28:13]} Bd7 {[%clk 0:51:59]} 17. Qc5 {[%clk 1:27:25]} Qe6
{[%clk 0:47:37]} 18. Re1 {[%clk 1:21:07]} Rae8 {[%clk 0:41:53]} 19. Kf1
{[%clk 1:15:56]} Qf7 {[%clk 0:32:37]} 20. Qb4 {[%clk 0:58:53]} Qh5
{[%clk 0:27:38]} 21. Kg1 {[%clk 0:54:52]} Bc8 {[%clk 0:25:40]} 22. Qd2
{[%clk 0:38:03]} Nd7 {[%clk 0:18:32]} 23. f3 {[%clk 0:34:14]} Nf6
{[%clk 0:18:25]} 24. b4 {[%clk 0:33:09]} Re7 {[%clk 0:17:20]} 25. Nc3
{[%clk 0:31:26]} Rg7 {[%clk 0:13:17]} 26. Ne2 {[%clk 0:29:47]} Qe8
{[%clk 0:10:23]} 27. Rab1 {[%clk 0:28:55]} h5 {[%clk 0:10:30]} 28. b5
{[%clk 0:28:54]} h4 {[%clk 0:10:05]} 29. bxc6 {[%clk 0:28:21]} bxc6
{[%clk 0:10:18]} 30. gxh4 {[%clk 0:21:54]} gxh4 {[%clk 0:07:51]} 31. Nf4
{[%clk 0:16:55]} Nh5 {[%clk 0:08:03]} 32. Rb8 {[%clk 0:07:26]} Nxf4
{[%clk 0:07:07]} 33. exf4 {[%clk 0:07:53]} Qh5 {[%clk 0:06:24]} 34. Qf2
{[%clk 0:05:51]} Qh6 {[%clk 0:03:35]} 35. Rxc8 {[%clk 0:05:09]} Rxc8
{[%clk 0:03:51]} 36. Bxf5 {[%clk 0:05:36]} Rf8 {[%clk 0:03:50]} 37. Be6+
{[%clk 0:05:15]} Kh8 {[%clk 0:04:19]} 38. f5 {[%clk 0:05:44]} Qf4
{[%clk 0:03:35]} 39. Qe3 {[%clk 0:01:53]} Qxe3+ {[%clk 0:03:27]} 40. Rxe3
{[%clk 0:02:22]} Rb7 {[%clk 0:02:32]} 41. f4 {[%clk 0:01:59]} Rf6
{[%clk 0:02:24]} 42. Kh2 {[%clk 0:02:19]} Kg7 {[%clk 0:01:32]} 43. Kh3
{[%clk 0:02:19]} Rh6 {[%clk 0:01:22]} 44. Rc3 {[%clk 0:02:34]} Rb6
{[%clk 0:01:25]} 45. a4 {[%clk 0:02:51]} a5 {[%clk 0:00:36]} 46. Rc5
{[%clk 0:03:20]} Rb3+ {[%clk 0:00:54]} 47. Kh2 {[%clk 0:03:25]} h3
{[%clk 0:01:06]} 48. g4 {[%clk 0:02:10]} Rb2+ {[%clk 0:01:29]} 49. Kh1
{[%clk 0:02:39]} Rb1+ {[%clk 0:00:56]} 50. Kh2 {[%clk 0:03:08]} Rb2+
{[%clk 0:01:24]} 51. Kh1 {[%clk 0:03:33]} h2 {[%clk 0:01:29]} 52. Rc1
{[%clk 0:03:33]} Rh3 {[%clk 0:01:38]} 53. g5 {[%clk 0:03:43]} Rg3
{[%clk 0:01:07]} 54. f6+ {[%clk 0:03:35]} Kf8 {[%clk 0:01:27]} 55. Re1
{[%clk 0:03:24]} Rc2 {[%clk 0:00:32]} 56. Bf5 {[%clk 0:03:17]} Rcg2
{[%clk 0:00:33]} 57. Bg6 {[%clk 0:02:41]} Rg1+ {[%clk 0:00:38]} 58. Kxh2
{[%clk 0:03:10]} R3g2+ {[%clk 0:00:48]} 59. Kh3 {[%clk 0:03:39]} Rg3+
{[%clk 0:00:32]} 60. Kh4 {[%clk 0:04:08]} Rg4+ {[%clk 0:00:33]} 61. Kh5
{[%clk 0:04:37]} Rxg5+ {[%clk 0:00:34]} 62. fxg5 {[%clk 0:05:00]} Rxe1
{[%clk 0:00:59]} 63. Kh6 {[%clk 0:05:03]} Rh1+ {[%clk 0:00:34]} 64. Bh5
{[%clk 0:05:31]} Rf1 {[%clk 0:00:46]} 65. g6 {[%clk 0:05:19]} Rxf6
{[%clk 0:01:07]} 66. Kh7 {[%clk 0:05:48]} Rxg6 {[%clk 0:00:32]} 67. Kxg6
{[%clk 0:06:16]} Ke7 {[%clk 0:00:49]} 68. Kf5 {[%clk 0:06:45]} Kd6
{[%clk 0:01:11]} 69. Kf4 {[%clk 0:07:11]} c5 {[%clk 0:00:32]} 70. Ke3
{[%clk 0:07:39]} Kc6 {[%clk 0:00:00]} 1-0

[Event "wyco2016"]
[Site "?"]
[Date "2016.07.23"]
[Round "2.17"]
[White "Sahidi, Samir"]
[Black "Kilic, Efe Mert"]
[Result "0-1"]
[BlackElo "2131"]
[WhiteElo "2216"]
[LiveChessVersion "1.4.6"]

1. d4 {[%clk 1:30:51]} Nf6 {[%clk 1:30:54]} 2. c4 {[%clk 1:31:08]} e6
{[%clk 1:31:18]} 3. Nc3 {[%clk 1:31:31]} Bb4 {[%clk 1:31:44]} 4. Qc2
{[%clk 1:31:07]} b6 {[%clk 1:30:06]} 5. Nf3 {[%clk 1:28:07]} Bb7 {[%clk 1:30:32]}
6. g3 {[%clk 1:28:06]} Nc6 {[%clk 1:26:09]} 7. Qd3 {[%clk 1:23:56]} e5
{[%clk 1:22:31]} 8. Qe3 {[%clk 1:13:35]} O-O {[%clk 1:21:41]} 9. d5
{[%clk 1:10:33]} Na5 {[%clk 1:18:06]} 10. Nd2 {[%clk 1:08:41]} Nxc4
{[%clk 1:15:29]} 11. Nxc4 {[%clk 1:01:51]} Bxd5 {[%clk 1:14:40]} 12. Nd2
{[%clk 0:56:03]} Bxh1 {[%clk 1:14:45]} 13. f3 {[%clk 0:56:02]} Bc5
{[%clk 1:10:30]} 14. Qxe5 {[%clk 0:52:09]} Re8 {[%clk 1:10:27]} 15. Qf5
{[%clk 0:52:01]} g6 {[%clk 1:05:49]} 16. Qd3 {[%clk 0:48:04]} Re3
{[%clk 0:55:26]} 17. Qc2 {[%clk 0:45:58]} Qe7 {[%clk 0:54:00]} 18. Nd1
{[%clk 0:37:48]} Re6 {[%clk 0:47:21]} 19. Nf2 {[%clk 0:34:41]} Re8
{[%clk 0:47:36]} 20. e4 {[%clk 0:32:00]} Bxf3 {[%clk 0:45:38]} 21. Nxf3
{[%clk 0:32:00]} Nxe4 {[%clk 0:45:52]} 22. Bc4 {[%clk 0:26:00]} Nxf2+
{[%clk 0:44:16]} 23. Bxe6 {[%clk 0:26:14]} Qxe6+ {[%clk 0:44:40]} 24. Kf1
{[%clk 0:25:36]} Qh3+ {[%clk 0:45:03]} 25. Kg1 {[%clk 0:25:20]} Ng4+
{[%clk 0:43:41]} 0-1

[Event "wyco2016"]
[Site "?"]
[Date "2016.07.23"]
[Round "2.18"]
[White "Dedebas, Emre Emin"]
[Black "Haring, Filip"]
[Result "1-0"]
[BlackElo "2155"]
[WhiteElo "2108"]
[LiveChessVersion "1.4.6"]

1. d4 {[%clk 1:30:54]} Nf6 2. Nf3 {[%clk 1:31:19]} e6 {[%clk 1:31:14]} 3. c4
{[%clk 1:31:42]} Bb4+ {[%clk 1:31:23]} 4. Nbd2 {[%clk 1:31:59]} O-O
{[%clk 1:28:11]} 5. Qc2 {[%clk 1:32:15]} c5 {[%clk 1:26:03]} 6. a3
{[%clk 1:29:24]} Bxd2+ {[%clk 1:26:18]} 7. Bxd2 {[%clk 1:20:25]} cxd4
{[%clk 1:26:06]} 8. Nxd4 {[%clk 1:20:31]} b6 {[%clk 1:18:48]} 9. Bb4
{[%clk 1:00:28]} Re8 {[%clk 1:16:52]} 10. Nb5 {[%clk 1:00:03]} Na6
{[%clk 1:05:58]} 11. Bc3 {[%clk 0:43:39]} d5 {[%clk 1:02:46]} 12. e3
{[%clk 0:40:02]} Ne4 {[%clk 0:49:15]} 13. Be2 {[%clk 0:31:07]} Bb7
{[%clk 0:46:58]} 14. Bf3 {[%clk 0:17:20]} Nxc3 {[%clk 0:39:20]} 15. Nxc3
{[%clk 0:17:40]} Rc8 {[%clk 0:37:35]} 16. cxd5 {[%clk 0:17:33]} exd5
{[%clk 0:31:26]} 17. O-O {[%clk 0:17:39]} Qf6 {[%clk 0:27:38]} 18. Rad1
{[%clk 0:13:20]} Re5 {[%clk 0:20:35]} 19. Rd4 {[%clk 0:11:51]} Nc7
{[%clk 0:17:25]} 20. Rfd1 {[%clk 0:07:40]} Ne6 {[%clk 0:15:26]} 21. R4d2
{[%clk 0:07:41]} Ng5 {[%clk 0:08:31]} 22. Bxd5 {[%clk 0:06:04]} Nh3+
{[%clk 0:05:57]} 23. Kh1 {[%clk 0:04:38]} Bxd5 {[%clk 0:00:32]} 24. Nxd5
{[%clk 0:05:02]} Nxf2+ {[%clk 0:00:37]} 25. Rxf2 {[%clk 0:05:18]} Qd8
{[%clk 0:00:34]} 26. Nf6+ {[%clk 0:05:02]} gxf6 {[%clk 0:00:47]} 27. Rxd8+
{[%clk 0:05:23]} Rxd8 {[%clk 0:01:16]} 28. h3 {[%clk 0:05:07]} Rxe3
{[%clk 0:01:40]} 29. Rxf6 {[%clk 0:05:21]} Kg7 {[%clk 0:01:30]} 30. Qf5
{[%clk 0:05:33]} Re7 {[%clk 0:01:27]} 31. Rxf7+ {[%clk 0:05:33]} 1-0

[Event "wyco2016"]
[Site "?"]
[Date "2016.07.23"]
[Round "2.19"]
[White "Bango, Lukas"]
[Black "Can, Isik"]
[Result "0-1"]
[BlackElo "2103"]
[WhiteElo "2109"]
[LiveChessVersion "1.4.6"]

1. e4 {[%clk 1:30:58]} c5 {[%clk 1:30:53]} 2. c3 {[%clk 1:31:21]} Nf6
{[%clk 1:31:15]} 3. e5 {[%clk 1:31:44]} Nd5 {[%clk 1:31:39]} 4. d4
{[%clk 1:32:06]} cxd4 {[%clk 1:32:04]} 5. Nf3 {[%clk 1:32:24]} e6
{[%clk 1:32:31]} 6. cxd4 {[%clk 1:32:41]} b6 {[%clk 1:32:51]} 7. Nc3
{[%clk 1:32:16]} Bb7 {[%clk 1:33:06]} 8. Bd3 {[%clk 1:29:47]} Nxc3
{[%clk 1:33:30]} 9. bxc3 {[%clk 1:30:04]} Qc7 {[%clk 1:33:59]} 10. Bd2
{[%clk 1:30:11]} d6 {[%clk 1:33:29]} 11. O-O {[%clk 1:26:29]} Nd7
{[%clk 1:33:07]} 12. exd6 {[%clk 1:21:23]} Bxd6 {[%clk 1:33:25]} 13. h4
{[%clk 1:15:37]} O-O {[%clk 1:28:29]} 14. Re1 {[%clk 1:13:08]} Bf4
{[%clk 1:20:06]} 15. Bxf4 {[%clk 0:53:51]} Qxf4 {[%clk 1:20:32]} 16. Re3
{[%clk 0:42:23]} h6 {[%clk 1:10:22]} 17. g3 {[%clk 0:36:29]} Qd6 {[%clk 1:03:08]}
18. Bc2 {[%clk 0:26:58]} Nf6 {[%clk 0:30:14]} 19. Qd3 {[%clk 0:27:13]} Qc6
{[%clk 0:28:12]} 20. Rae1 {[%clk 0:17:39]} Rfe8 {[%clk 0:26:45]} 21. Kf1
{[%clk 0:13:42]} Kf8 {[%clk 0:13:02]} 22. Ne5 {[%clk 0:12:34]} Qg2+
{[%clk 0:13:16]} 23. Ke2 {[%clk 0:12:50]} Rac8 {[%clk 0:12:51]} 24. Bb3
{[%clk 0:09:58]} Ne4 {[%clk 0:12:30]} 25. Rxe4 Qxe4+ {[%clk 0:12:25]} 26. Qxe4
{[%clk 0:09:42]} Bxe4 {[%clk 0:12:53]} 27. Kd2 {[%clk 0:10:08]} Bb7
{[%clk 0:12:52]} 28. Re3 {[%clk 0:09:01]} Rc7 {[%clk 0:12:31]} 29. Ba4
{[%clk 0:09:04]} Rd8 {[%clk 0:12:24]} 30. f4 {[%clk 0:09:19]} a6 {[%clk 0:11:20]}
31. a3 {[%clk 0:09:17]} Rd5 {[%clk 0:10:14]} 32. Bb3 {[%clk 0:07:34]} Ra5
{[%clk 0:09:15]} 33. Nc4 {[%clk 0:07:48]} Rb5 {[%clk 0:09:20]} 34. Ba2
{[%clk 0:05:03]} Bd5 {[%clk 0:08:44]} 35. a4 {[%clk 0:04:42]} Bxc4
{[%clk 0:08:50]} 36. Bxc4 {[%clk 0:05:06]} Ra5 {[%clk 0:09:00]} 37. Bb3
{[%clk 0:05:31]} b5 {[%clk 0:08:44]} 38. axb5 {[%clk 0:05:57]} Rxb5
{[%clk 0:08:12]} 39. Ba4 {[%clk 0:06:13]} Rb2+ {[%clk 0:07:26]} 40. Kd3
{[%clk 0:06:28]} Ra2 {[%clk 0:07:02]} 41. Bb3 {[%clk 0:06:13]} Rg2
{[%clk 0:06:00]} 42. c4 {[%clk 0:05:57]} a5 {[%clk 0:04:10]} 43. d5
{[%clk 0:05:38]} exd5 {[%clk 0:04:06]} 44. cxd5 {[%clk 0:06:01]} Re7
{[%clk 0:04:20]} 45. Rf3 {[%clk 0:05:58]} Ree2 {[%clk 0:04:10]} 46. Kc4
{[%clk 0:05:29]} Re4+ {[%clk 0:03:36]} 47. Kb5 {[%clk 0:04:51]} Rge2
{[%clk 0:02:45]} 48. Kxa5 R2e3 {[%clk 0:03:00]} 49. Rxe3 {[%clk 0:01:26]} Rxe3
{[%clk 0:03:24]} 50. Bc4 {[%clk 0:01:54]} Rxg3 {[%clk 0:02:55]} 51. Kb6
{[%clk 0:02:16]} Ke7 {[%clk 0:02:54]} 52. Kc5 {[%clk 0:01:39]} Rc3
{[%clk 0:02:41]} 53. Kd4 {[%clk 0:01:45]} Rh3 {[%clk 0:02:01]} 54. Kc5
{[%clk 0:00:45]} Rxh4 {[%clk 0:02:07]} 55. d6+ {[%clk 0:01:14]} Kd8
{[%clk 0:02:13]} 56. f5 {[%clk 0:01:26]} Rxc4+ {[%clk 0:02:24]} 0-1

[Event "wyco2016"]
[Site "?"]
[Date "2016.07.23"]
[Round "2.20"]
[White "Akdogan, Alperen"]
[Black "Tomcikova, Dominika"]
[Result "1-0"]
[BlackElo "1877"]
[WhiteElo "2050"]
[LiveChessVersion "1.4.6"]

1. d4 {[%clk 1:30:54]} Nf6 {[%clk 1:30:51]} 2. Nf3 {[%clk 1:31:16]} e6
{[%clk 1:31:07]} 3. c4 {[%clk 1:31:29]} d5 {[%clk 1:31:21]} 4. g3
{[%clk 1:31:38]} Be7 {[%clk 1:31:18]} 5. Bg2 {[%clk 1:31:34]} O-O
{[%clk 1:31:29]} 6. O-O {[%clk 1:31:50]} dxc4 {[%clk 1:31:41]} 7. Qc2
{[%clk 1:31:35]} a6 {[%clk 1:31:20]} 8. Qxc4 {[%clk 1:29:39]} b5 {[%clk 1:30:02]}
9. Qc2 {[%clk 1:30:04]} Bb7 {[%clk 1:29:48]} 10. Bd2 {[%clk 1:30:00]} Be4
{[%clk 1:28:48]} 11. Qc1 {[%clk 1:30:21]} Bb7 {[%clk 1:28:32]} 12. Rd1
{[%clk 1:18:10]} Nbd7 {[%clk 1:23:23]} 13. Ba5 {[%clk 1:16:29]} Bd6
{[%clk 1:18:13]} 14. Nbd2 {[%clk 1:08:44]} Rc8 {[%clk 1:12:15]} 15. b4
{[%clk 0:51:02]} Qe7 {[%clk 1:06:41]} 16. Qb2 {[%clk 0:44:11]} Nb8
{[%clk 1:01:51]} 17. a3 {[%clk 0:35:16]} Bd5 {[%clk 0:54:40]} 18. Qc2
{[%clk 0:32:46]} Nc6 {[%clk 0:53:36]} 19. e4 {[%clk 0:32:38]} Nxa5
{[%clk 0:51:14]} 20. bxa5 {[%clk 0:32:21]} Bxa3 {[%clk 0:45:06]} 21. exd5
{[%clk 0:32:39]} Nxd5 {[%clk 0:45:00]} 22. Qb3 {[%clk 0:28:18]} Bd6
{[%clk 0:42:21]} 23. Ne4 {[%clk 0:27:33]} c5 {[%clk 0:33:18]} 24. dxc5
{[%clk 0:24:42]} Bxc5 {[%clk 0:33:33]} 25. Nxc5 {[%clk 0:22:48]} Rxc5
{[%clk 0:32:15]} 26. Rac1 {[%clk 0:21:52]} Rfc8 {[%clk 0:28:24]} 27. Qb2
{[%clk 0:20:48]} Nc3 {[%clk 0:27:07]} 28. Rxc3 {[%clk 0:12:23]} Rxc3
{[%clk 0:27:29]} 29. Ne5 {[%clk 0:11:23]} f6 {[%clk 0:21:26]} 30. Nd7
{[%clk 0:07:47]} R3c7 {[%clk 0:10:04]} 31. Qd2 {[%clk 0:06:39]} b4
{[%clk 0:04:37]} 32. Nb6 {[%clk 0:06:25]} Rb8 {[%clk 0:02:07]} 33. Bf1
{[%clk 0:06:12]} b3 {[%clk 0:01:40]} 34. Rb1 {[%clk 0:02:03]} Rc2
{[%clk 0:01:22]} 35. Qe3 {[%clk 0:01:33]} b2 {[%clk 0:00:58]} 36. Bd3
{[%clk 0:01:41]} Rc1+ {[%clk 0:01:04]} 37. Rxc1 {[%clk 0:02:05]} bxc1=Q+
{[%clk 0:01:25]} 38. Qxc1 {[%clk 0:02:34]} Qb4 {[%clk 0:01:30]} 39. Qc7
{[%clk 0:02:11]} Rf8 {[%clk 0:01:22]} 40. Nd7 {[%clk 0:02:01]} Qe7
{[%clk 0:00:49]} 41. Bxa6 {[%clk 0:01:27]} Rd8 {[%clk 0:01:00]} 42. Bb5
{[%clk 0:01:31]} Kf7 {[%clk 0:00:55]} 43. a6 {[%clk 0:01:40]} e5 {[%clk 0:00:42]}
44. a7 {[%clk 0:01:41]} e4 {[%clk 0:00:43]} 45. Ne5+ {[%clk 0:01:19]} fxe5
{[%clk 0:00:42]} 46. Qxe7+ {[%clk 0:01:44]} Kxe7 {[%clk 0:00:57]} 47. Bc6
{[%clk 0:02:11]} Kf6 {[%clk 0:01:09]} 48. Bxe4 {[%clk 0:02:24]} h6
{[%clk 0:01:06]} 49. a8=Q {[%clk 0:02:48]} Rxa8 {[%clk 0:01:18]} 50. Bxa8
{[%clk 0:03:15]} g5 {[%clk 0:01:24]} 51. g4 {[%clk 0:03:37]} Ke6 {[%clk 0:01:08]}
52. Kg2 {[%clk 0:03:54]} 1-0

[Event "wyco2016"]
[Site "?"]
[Date "2016.07.23"]
[Round "2.21"]
[White "Stabulnieks, Klavs"]
[Black "Panko, Eduard"]
[Result "1-0"]
[BlackElo "1712"]
[WhiteElo "2099"]
[LiveChessVersion "1.4.6"]

1. d4 {[%clk 1:30:58]} Nf6 {[%clk 1:30:54]} 2. c4 {[%clk 1:31:21]} e6
{[%clk 1:31:08]} 3. Nc3 {[%clk 1:31:44]} d5 {[%clk 1:31:24]} 4. cxd5
{[%clk 1:32:09]} exd5 {[%clk 1:31:47]} 5. Bg5 {[%clk 1:32:33]} Be7
{[%clk 1:31:47]} 6. e3 {[%clk 1:32:56]} h6 {[%clk 1:30:17]} 7. Bh4
{[%clk 1:32:53]} c6 {[%clk 1:30:02]} 8. Bd3 {[%clk 1:32:47]} O-O {[%clk 1:29:45]}
9. Qc2 {[%clk 1:32:57]} b6 {[%clk 1:27:10]} 10. Nf3 {[%clk 1:32:09]} Bb7
{[%clk 1:25:56]} 11. O-O {[%clk 1:29:57]} Nbd7 {[%clk 1:24:35]} 12. Qe2
{[%clk 1:27:32]} Nh5 {[%clk 1:18:15]} 13. Bxe7 {[%clk 1:26:03]} Qxe7
{[%clk 1:18:34]} 14. Ba6 {[%clk 1:25:39]} Bxa6 {[%clk 1:14:09]} 15. Qxa6
{[%clk 1:26:02]} Qd6 {[%clk 1:11:08]} 16. Rac1 {[%clk 1:23:55]} f5
{[%clk 1:00:44]} 17. Ne2 {[%clk 1:19:41]} c5 {[%clk 0:53:49]} 18. g3
{[%clk 1:05:36]} g5 {[%clk 0:38:41]} 19. dxc5 {[%clk 0:53:31]} Nxc5
{[%clk 0:38:49]} 20. Qb5 {[%clk 0:52:09]} a6 {[%clk 0:33:10]} 21. Qb4
{[%clk 0:52:20]} a5 {[%clk 0:26:08]} 22. Qd4 {[%clk 0:51:06]} Rae8
{[%clk 0:24:47]} 23. Nc3 {[%clk 0:49:15]} Nf6 {[%clk 0:22:08]} 24. Rfd1
{[%clk 0:48:00]} Rd8 {[%clk 0:22:05]} 25. Qe5 {[%clk 0:34:47]} Qxe5
{[%clk 0:18:41]} 26. Nxe5 {[%clk 0:35:11]} Rfe8 {[%clk 0:17:58]} 27. Nc6
{[%clk 0:30:50]} Rd7 {[%clk 0:16:25]} 28. Ne2 {[%clk 0:29:42]} Kg7
{[%clk 0:14:16]} 29. Rc2 {[%clk 0:25:54]} Kg6 {[%clk 0:11:25]} 30. b3
{[%clk 0:25:09]} Nce4 {[%clk 0:10:12]} 31. a3 {[%clk 0:20:53]} Nc5
{[%clk 0:09:11]} 32. b4 {[%clk 0:20:55]} axb4 {[%clk 0:09:27]} 33. axb4
{[%clk 0:21:15]} Nce4 {[%clk 0:08:25]} 34. Ra1 {[%clk 0:20:09]} Nd6
{[%clk 0:07:39]} 35. Rca2 {[%clk 0:17:43]} Nc4 {[%clk 0:05:39]} 36. Ra7
{[%clk 0:17:31]} Rxa7 {[%clk 0:04:32]} 37. Rxa7 {[%clk 0:17:49]} Re6
{[%clk 0:04:28]} 38. Ned4 {[%clk 0:16:57]} Rd6 {[%clk 0:03:35]} 39. Ne7+
{[%clk 0:16:56]} Kh5 {[%clk 0:03:49]} 40. Ndxf5 {[%clk 0:16:34]} Rd8
{[%clk 0:03:43]} 41. Ng7+ {[%clk 0:16:29]} Kg4 {[%clk 0:03:40]} 42. Kg2
{[%clk 0:16:55]} 1-0

[Event "wyco2016"]
[Site "?"]
[Date "2016.07.23"]
[Round "2.22"]
[White "Verbovsky, Michal"]
[Black "Batashevs, Arsens"]
[Result "1/2-1/2"]
[BlackElo "1994"]
[WhiteElo "1685"]
[LiveChessVersion "1.4.6"]

1. e4 {[%clk 1:30:49]} g6 {[%clk 1:30:57]} 2. d4 {[%clk 1:31:04]} Bg7
{[%clk 1:31:25]} 3. f4 {[%clk 1:30:27]} d5 {[%clk 1:31:52]} 4. e5
{[%clk 1:30:46]} h5 {[%clk 1:32:19]} 5. Nf3 {[%clk 1:30:32]} Bg4 {[%clk 1:29:30]}
6. Be2 {[%clk 1:30:04]} Nh6 {[%clk 1:28:20]} 7. h3 {[%clk 1:28:45]} Bxf3
{[%clk 1:28:45]} 8. Bxf3 {[%clk 1:29:08]} e6 {[%clk 1:28:09]} 9. O-O
{[%clk 1:24:29]} h4 {[%clk 1:28:31]} 10. Bg4 {[%clk 1:19:15]} Nf5
{[%clk 1:27:11]} 11. Bxf5 {[%clk 1:17:03]} gxf5 {[%clk 1:27:40]} 12. Nd2
{[%clk 1:16:54]} Bf8 {[%clk 1:26:55]} 13. Nf3 {[%clk 1:15:44]} Be7
{[%clk 1:26:46]} 14. Qe2 {[%clk 1:11:40]} c6 {[%clk 1:27:04]} 15. a4
{[%clk 1:08:07]} Nd7 {[%clk 1:27:29]} 16. b3 {[%clk 1:08:27]} Nf8
{[%clk 1:27:34]} 17. Ba3 {[%clk 1:04:42]} Ng6 {[%clk 1:27:58]} 18. Bxe7
{[%clk 0:46:25]} Qxe7 {[%clk 1:28:26]} 19. Nd2 {[%clk 0:46:40]} Kf8
{[%clk 1:20:51]} 20. Rab1 {[%clk 0:42:28]} a5 {[%clk 1:19:48]} 21. Qd3
{[%clk 0:38:09]} Kg7 {[%clk 1:18:07]} 22. Qc3 {[%clk 0:29:31]} Qb4
{[%clk 1:14:02]} 23. Qd3 {[%clk 0:21:55]} Rhc8 {[%clk 1:12:50]} 24. c3
{[%clk 0:21:33]} Qe7 {[%clk 1:13:02]} 25. Rbc1 {[%clk 0:18:35]} c5
{[%clk 1:10:31]} 26. Kh2 {[%clk 0:14:14]} cxd4 {[%clk 1:10:41]} 27. Qxd4
{[%clk 0:14:19]} Qc5 {[%clk 1:10:25]} 28. Qxc5 {[%clk 0:13:52]} Rxc5
{[%clk 1:10:53]} 29. Rf3 {[%clk 0:10:17]} b5 {[%clk 1:10:39]} 30. axb5
{[%clk 0:09:59]} Rxb5 {[%clk 1:11:01]} 31. Ra1 {[%clk 0:08:10]} Rc8
{[%clk 1:11:09]} 32. Ra4 {[%clk 0:06:58]} Rbc5 {[%clk 1:10:55]} 33. Nb1
{[%clk 0:07:14]} Rb8 {[%clk 1:11:11]} 34. Nd2 {[%clk 0:07:35]} f6
{[%clk 1:09:50]} 35. exf6+ {[%clk 0:06:14]} Kxf6 36. c4 {[%clk 0:06:28]} Rb4
{[%clk 1:10:15]} 37. Rxb4 {[%clk 0:04:54]} axb4 {[%clk 1:10:40]} 38. g3
{[%clk 0:05:11]} Ra5 {[%clk 1:10:40]} 39. cxd5 {[%clk 0:03:12]} exd5
{[%clk 1:07:34]} 40. gxh4 {[%clk 0:02:30]} Nxh4 {[%clk 1:03:35]} 41. Rd3
{[%clk 0:02:48]} Rc5 {[%clk 0:59:29]} 42. Rd4 {[%clk 0:02:20]} Rc3
{[%clk 0:49:29]} 43. Rxd5 {[%clk 0:01:20]} Nf3+ {[%clk 0:49:54]} 44. Nxf3
{[%clk 0:01:42]} Rxf3 {[%clk 0:50:22]} 45. Rd6+ {[%clk 0:01:24]} Ke7
{[%clk 0:50:39]} 46. Rb6 {[%clk 0:01:35]} Rxb3 {[%clk 0:49:32]} 47. h4
{[%clk 0:01:58]} Kf7 {[%clk 0:49:58]} 48. h5 {[%clk 0:02:08]} 1/2-1/2

[Event "wyco2016"]
[Site "?"]
[Date "2016.07.23"]
[Round "2.23"]
[White "Polyakov, Fedor"]
[Black "Cisko, Miloslav"]
[Result "1-0"]
[BlackElo "1631"]
[WhiteElo "1970"]
[LiveChessVersion "1.4.6"]

1. d4 {[%clk 1:30:58]} Nf6 {[%clk 1:30:39]} 2. c4 {[%clk 1:31:27]} e5
{[%clk 1:30:46]} 3. dxe5 {[%clk 1:31:49]} Ng4 {[%clk 1:31:09]} 4. Bf4
{[%clk 1:31:25]} g5 {[%clk 1:29:57]} 5. Bg3 {[%clk 1:31:26]} Bg7 {[%clk 1:29:21]}
6. Nf3 {[%clk 1:31:25]} Nc6 {[%clk 1:29:07]} 7. e3 {[%clk 1:27:06]} Ngxe5
{[%clk 1:26:11]} 8. Nd4 {[%clk 1:26:16]} d6 {[%clk 1:19:11]} 9. Be2
{[%clk 1:23:54]} Bd7 {[%clk 1:18:40]} 10. Nc3 {[%clk 1:23:28]} Qe7
{[%clk 1:14:08]} 11. Nd5 {[%clk 1:23:09]} Qd8 {[%clk 1:12:08]} 12. h4
{[%clk 1:10:31]} h6 {[%clk 0:51:56]} 13. hxg5 {[%clk 1:07:11]} hxg5
{[%clk 0:51:56]} 14. Rxh8+ {[%clk 1:07:36]} Bxh8 {[%clk 0:52:19]} 15. Nb5
{[%clk 1:06:36]} Rc8 {[%clk 0:52:18]} 16. Qc2 {[%clk 1:05:08]} f5
{[%clk 0:38:06]} 17. O-O-O {[%clk 1:01:26]} Ne7 {[%clk 0:36:22]} 18. f4
{[%clk 0:44:02]} Nxd5 {[%clk 0:33:55]} 19. Rxd5 {[%clk 0:44:01]} gxf4
{[%clk 0:32:08]} 20. Bxf4 {[%clk 0:43:16]} Bc6 {[%clk 0:30:24]} 21. Qxf5
{[%clk 0:42:36]} Bxd5 {[%clk 0:28:02]} 22. cxd5 {[%clk 0:42:57]} Qd7
{[%clk 0:26:55]} 23. Bh5+ {[%clk 0:42:40]} Nf7 {[%clk 0:27:01]} 24. Bxf7+
{[%clk 0:42:54]} Qxf7 {[%clk 0:27:17]} 25. Qxc8+ {[%clk 0:43:22]} Ke7
{[%clk 0:27:33]} 26. Qxc7+ {[%clk 0:43:04]} 1-0

[Event "wyco2016"]
[Site "?"]
[Date "2016.07.23"]
[Round "2.24"]
[White "Liscinska, Lucia"]
[Black "Sinauridze, Simons"]
[Result "0-1"]
[BlackElo "1897"]
[WhiteElo "1619"]
[LiveChessVersion "1.4.6"]

1. e4 {[%clk 1:30:57]} c5 {[%clk 1:30:37]} 2. Nf3 {[%clk 1:31:13]} d6
{[%clk 1:31:01]} 3. d4 {[%clk 1:31:28]} cxd4 {[%clk 1:31:16]} 4. Nxd4
{[%clk 1:31:48]} Nf6 {[%clk 1:31:35]} 5. Nc3 {[%clk 1:31:54]} g6 {[%clk 1:31:46]}
6. Be3 {[%clk 1:31:12]} Bg7 {[%clk 1:31:41]} 7. f3 {[%clk 1:30:24]} O-O
{[%clk 1:32:02]} 8. Bc4 {[%clk 1:29:31]} Nc6 {[%clk 1:32:18]} 9. Qd2
{[%clk 1:28:18]} Bd7 {[%clk 1:32:33]} 10. O-O-O {[%clk 1:22:08]} Rb8
{[%clk 1:28:40]} 11. g4 {[%clk 1:20:09]} b5 {[%clk 1:27:19]} 12. Nxc6
{[%clk 1:02:31]} Bxc6 {[%clk 1:27:20]} 13. Bd5 {[%clk 0:56:58]} b4
{[%clk 1:25:06]} 14. Ne2 {[%clk 0:54:11]} Bxd5 {[%clk 1:23:45]} 15. exd5
{[%clk 0:53:55]} Qa5 {[%clk 1:23:46]} 16. Kb1 {[%clk 0:52:50]} Rb5
{[%clk 1:23:01]} 17. c4 {[%clk 0:36:57]} bxc3 {[%clk 1:21:58]} 18. Nxc3
{[%clk 0:32:41]} Ne4 {[%clk 1:19:08]} 19. Nxe4 {[%clk 0:28:34]} Rxb2+
{[%clk 1:19:06]} 20. Qxb2 {[%clk 0:28:38]} Bxb2 {[%clk 1:19:24]} 21. Kxb2
{[%clk 0:28:24]} Qb4+ {[%clk 1:18:34]} 22. Kc2 {[%clk 0:19:14]} Rc8+
{[%clk 1:16:13]} 23. Kd3 {[%clk 0:18:16]} Qc4+ {[%clk 1:15:34]} 24. Kd2
{[%clk 0:18:03]} Qxa2+ {[%clk 1:15:29]} 25. Ke1 {[%clk 0:17:08]} Qg2
{[%clk 1:15:46]} 26. Rf1 {[%clk 0:14:44]} Rc2 {[%clk 1:15:47]} 27. Rd2
{[%clk 0:12:55]} Rc1+ {[%clk 1:15:21]} 28. Rd1 {[%clk 0:13:06]} Rxd1+
{[%clk 1:15:44]} 29. Kxd1 {[%clk 0:13:31]} Qxf1+ {[%clk 1:16:06]} 30. Kd2
{[%clk 0:13:30]} Qxf3 {[%clk 1:16:10]} 0-1